| 000 | 00875nam a2200217Ia 4500 | ||
|---|---|---|---|
| 001 | 1613 | ||
| 003 | GE_BSU | ||
| 008 | 181216s||||||||xx |||||||||||||| ||und|| | ||
| 040 | _cGE_BSU | ||
| 080 | _a656.2(075.8) | ||
| 100 | _aჩხაიძე, ა. | ||
| 245 | _aგადაზიდვითი პროცესის ორგანიზაცია და მართვა რკინიგზის ტრანსპორტზე. | ||
| 245 | _bსახელმძღვანელო. | ||
| 260 | _aთბ. | ||
| 260 | _bტექნიკ. უნ–ტი. | ||
| 260 | _c1998. | ||
| 300 | _a370გვ;25სმ. | ||
| 541 | _h25 ლ. | ||
| 653 | _aგადაზიდვითი პროცესის ორგანიზაცია და მართვა რკინიგზის ტრანსპორტზე. | ||
| 942 | _cBK | ||
| 999 |
_c35736 _d35736 |
||